[Event "Rzeszow op"]
[Site "Rzeszow"]
[Date "1977.??.??"]
[Round "4"]
[White "Maciejewski, Andrzej"]
[Black "Nowak, Ignacy"]
[Result "1-0"]
[WhiteElo "2345"]
[BlackElo "2325"]

1.e4 c5 2.c3 Nf6 3.e5 Nd5 4.d4 cxd4 5.cxd4 d6 6.Nf3 Nc6 7.Bc4 dxe5 8.Nxe5 e6
9.O-O Be7 10.Nc3 Nxe5 11.dxe5 Nxc3 12.bxc3 Qxd1 13.Rxd1 Bd7 14.a4 Bc5 15.Bb5 Bxb5
16.axb5 h6 17.Ba3 Bxa3 18.Rxa3 O-O 19.f4 a5 20.Kf2 Rfc8 21.Rd6 Kf8 22.Ke3 Ke7
23.Kd4 f6 24.c4 g5 25.g3 Rc7 26.c5 Rac8 27.exf6+ Kxf6 28.fxg5+ hxg5 29.Rc3 Ke7
30.Re3 Rxc5 31.Rdxe6+ Kf8 32.Rf3+ Kg8 33.Re8+ Rxe8 34.Kxc5 Re6 35.b6 Re2
36.Rf5 Rxh2 37.Rxg5+ Kf8 38.Kd6 a4 39.Kc7 Rh7+ 40.Kb8 Ke7 41.Ra5 Kd6 42.Rxa4 Kc6
43.Ka7 Rg7 44.Rc4+ Kb5 45.Rc3 Rg4 46.Rf3 Rg7 47.g4 Kc6 48.Rf6+ Kb5 49.g5 Kc5
50.g6 Kb5 51.Rf5+ Kc6 52.Rf7 Rxg6 53.Rxb7 Rg1 54.Rc7+ Kd6 55.Rc2 Ra1+ 56.Kb8 Kd7
57.b7 Rh1 58.Ra2 Kc6 59.Ra6+ Kb5 60.Ka7 Rh7 61.Ra1  1-0

[Event "Stary Smokovec"]
[Site "Stary Smokovec"]
[Date "1977.??.??"]
[Round "1"]
[White "Sikora Lerch, Jan"]
[Black "Szilagyi, Gyorgy"]
[Result "1/2-1/2"]
[WhiteElo "2405"]
[BlackElo "2370"]

1.e4 c5 2.c3 Nf6 3.e5 Nd5 4.d4 cxd4 5.cxd4 d6 6.Nf3 Nc6 7.Bc4 e6 8.Qe2 Be7
9.O-O O-O 10.Nc3 Nxc3 11.bxc3 dxe5 12.dxe5 Qc7 13.Bd3 Bd7 14.Re1 Rfd8 15.Bg5 Be8
16.Qe4 g6 17.Bf1 Bxg5 18.Nxg5 Qxe5 19.Qxe5 Nxe5 20.Rxe5 f6 21.Rxe6 fxg5 22.Re7 Rd7
23.Rae1 Kf8  1/2-1/2

[Event "Stary Smokovec"]
[Site "Stary Smokovec"]
[Date "1977.??.??"]
[Round "7"]
[White "Novak, Ivan"]
[Black "Cvetkovic, Srdjan"]
[Result "0-1"]
[WhiteElo "2345"]
[BlackElo "2395"]

1.e4 c5 2.c3 Nf6 3.e5 Nd5 4.d4 cxd4 5.Nf3 Nc6 6.cxd4 d6 7.Bc4 e6 8.O-O Nc7
9.Qe2 b6 10.Nc3 d5 11.Bd3 Nb4 12.Bg5 Qd7 13.Rfc1 Nxd3 14.Qxd3 h6 15.Bh4 Ba6
16.Qe3 g5 17.Bg3 Be7 18.Rc2 O-O-O 19.Rac1 Kb8 20.Ne4 dxe4 21.Rxc7 Qxc7 22.Rxc7 Kxc7
23.Nd2 Bb7 24.Nc4 Kb8 25.h4 gxh4 26.Bf4 Rhg8 27.Nd6 Bd5 28.Nxf7 Rdf8 29.Nxh6 Rg6
30.Kh2 Rh8 31.Kh3 Rh7 32.Ng4 Kb7 33.a3 a5 34.Qe2 Rf7 35.Qe3 a4 36.Qd2 Rf8
37.Ne3 Bb3 38.g3 hxg3 39.Bxg3 Bg5 40.Qb4 Rh8+ 41.Kg2 Bxe3 42.Qe7+ Ka6 43.d5 Bxd5
44.Qb4 Bb3 45.Kf1 Rg4 46.fxe3 Rxg3 47.Qxe4 Rf8+ 48.Ke2 Rd8 49.Qc6 Rg7 50.e4 Rg2+
51.Ke3 Rc2  0-1

[Event "Stary Smokovec"]
[Site "Stary Smokovec"]
[Date "1977.??.??"]
[Round "9"]
[White "Sikora Lerch, Jan"]
[Black "Moehring, Guenther"]
[Result "1/2-1/2"]
[WhiteElo "2405"]
[BlackElo "2405"]

1.e4 c5 2.c3 Nf6 3.e5 Nd5 4.d4 cxd4 5.cxd4 d6 6.Nf3 e6 7.Nc3 Nc6 8.Nxd5 exd5
9.Bd3 Bg4 10.O-O Be7 11.Bf4 O-O 12.exd6 Bxd6 13.Bxd6 Bxf3 14.Qxf3 Qxd6 15.Rad1 Rae8
16.Qh3 g6 17.Bb5 Re4 18.Qc3 Rc8 19.Rfe1 Ne7 20.Qd2 a6 21.Ba4 Nf5 22.Rxe4 dxe4
23.Bc2 e3 24.fxe3 Nxe3 25.Qxe3 Rxc2 26.Rf1 Qe6 27.Qxe6 fxe6 28.Rf2 Rc1+ 29.Rf1 Rc4
30.Rf6 Rc6 31.g3 Kg7 32.Rf2 Rc1+ 33.Rf1 Rc4 34.Rf4 g5 35.Re4 Kf6 36.Kf2 h6
37.h3 Rc1 38.Re2 Rd1 39.Ke3 Rh1 40.Kf3 Rd1 41.Ke4 Ra1 42.a3 Rh1 43.Kf3 Rd1
44.Ke4 Ke7 45.Re3 Kd6 46.Rb3 b5 47.a4 Re1+ 48.Kf3 bxa4 49.Ra3 Rb1 50.Rxa4 Rxb2
51.Rxa6+ Kd5 52.Kg4 Rb3 53.h4 gxh4 54.gxh4 Rb4 55.Ra5+ Kxd4 56.Rh5 e5 57.Rxh6 e4
58.Re6 Rb1 59.h5  1/2-1/2

[Event "Stary Smokovec"]
[Site "Stary Smokovec"]
[Date "1977.??.??"]
[Round "11"]
[White "Novak, Ivan"]
[Black "Moehring, Guenther"]
[Result "1-0"]
[WhiteElo "2345"]
[BlackElo "2405"]

1.e4 c5 2.c3 Nf6 3.e5 Nd5 4.d4 cxd4 5.Nf3 e6 6.cxd4 d6 7.a3 Bd7 8.Bd3 Bc6
9.O-O Nd7 10.Re1 Be7 11.Bd2 Qb6 12.Nc3 dxe5 13.Nxe5 Nxe5 14.dxe5 O-O 15.Qg4 Rfd8
16.Ne4 Qd4 17.Rad1 g6 18.Qg3 Ba4 19.Rb1 Nf4 20.Qxf4 Qxd3 21.Qh6 f5 22.exf6 Bf8
23.f7+ Kh8 24.Qh4  1-0

[Event "Stary Smokovec"]
[Site "Stary Smokovec"]
[Date "1977.??.??"]
[Round "13"]
[White "Novak, Ivan"]
[Black "Sikora Lerch, Jan"]
[Result "1-0"]
[WhiteElo "2345"]
[BlackElo "2405"]

1.e4 c5 2.c3 Nf6 3.e5 Nd5 4.d4 e6 5.Nf3 d6 6.a3 Nc6 7.Bd3 cxd4 8.cxd4 Qc7
9.O-O dxe5 10.dxe5 Bd7 11.Qe2 Na5 12.Nbd2 Nf4 13.Qe4 Nxd3 14.Qxd3 Rd8 15.b4 Ba4
16.Qe3 Nc6 17.Bb2 Be7 18.Rfc1 Qb8 19.Ne4 O-O 20.Nf6+ Bxf6 21.exf6 Rd5 22.Rc4 Rfd8
23.Rg4 Rd1+ 24.Ne1 Rxa1 25.Bxa1 Rd1 26.Rxg7+ Kh8 27.Bc3  1-0

[Event "Hoogovens-B"]
[Site "Wijk aan Zee"]
[Date "1977.??.??"]
[Round "5"]
[White "Jamieson, Robert Murray"]
[Black "Van der Vliet, Fred"]
[Result "1-0"]
[WhiteElo "2430"]
[BlackElo "2340"]

1.e4 c5 2.c3 Nf6 3.e5 Nd5 4.d4 cxd4 5.Qxd4 e6 6.Nf3 Nc6 7.Qe4 d6 8.Nbd2 Be7
9.Nc4 dxe5 10.Ncxe5 Nxe5 11.Nxe5 O-O 12.Bd3 Nf6 13.Qe2 Qc7 14.O-O b6 15.Bf4 Bd6
16.Rae1 Bb7 17.Bg3 Rad8 18.f4 g6 19.Bh4 Be7 20.f5 exf5 21.Bxf5 Nd5 22.Bxe7 Qxe7
23.c4 f6 24.Nd7 Qxe2 25.Rxe2 gxf5 26.Nxf8 Rxf8 27.cxd5 Ba6 28.Re7 Bxf1 29.Kxf1 Rd8
30.Rxa7 Rxd5 31.Rb7 b5 32.Ke2 h5 33.g3 Kf8 34.Ke3 Ke8 35.h4 Kd8 36.Kf4 Kc8
37.Rb6  1-0

[Event "Hoogovens-B"]
[Site "Wijk aan Zee"]
[Date "1977.??.??"]
[Round "10"]
[White "Van der Sterren, Paul"]
[Black "Van der Vliet, Fred"]
[Result "1-0"]
[WhiteElo "2375"]
[BlackElo "2340"]

1.e4 c5 2.c3 Nf6 3.e5 Nd5 4.d4 cxd4 5.cxd4 d6 6.Nf3 Nc6 7.Bc4 e6 8.O-O Be7
9.Qe2 O-O 10.Nc3 Nxc3 11.bxc3 d5 12.Bd3 f5 13.exf6 gxf6 14.Re1 Rf7 15.Nh4 Bd7
16.Qh5 Bd6 17.Bh6 Ne7 18.Re3 Rc8 19.f4 Be8 20.Rg3+ Kh8 21.Qg4 f5 22.Qg5  1-0

[Event "JUG-ch"]
[Site "Zagreb"]
[Date "1977.??.??"]
[Round "5"]
[White "Pavicic, Zeljko"]
[Black "Nicevski, Risto"]
[Result "1-0"]
[WhiteElo "2450"]
[BlackElo "2435"]

1.e4 c5 2.c3 Nf6 3.e5 Nd5 4.d4 cxd4 5.cxd4 d6 6.Nf3 Nc6 7.Bc4 e6 8.Qe2 Be7
9.O-O O-O 10.Nc3 Nxc3 11.bxc3 b6 12.Bd3 Bb7 13.Qe4 g6 14.Bh6 Re8 15.Bb5 Qc7
16.Qf4 a6 17.Ba4 b5 18.Bb3 dxe5 19.dxe5 Rad8 20.Rfe1 Rd3 21.Ng5 Nd8 22.Rad1 Rxc3
23.Rd6 Bf8 24.Qh4 Bxd6 25.exd6 Rc1 26.Bd1 Qc3 27.Rf1 Qc4 28.Qg3 Qd4 29.Nxe6 Rxd1
30.Nxd4 Ree1 31.Qd3 Rxd3 32.Rxe1 Be4 33.Nb3 Rxd6 34.f3 g5 35.Bxg5 Ne6 36.Bh6 Rc6
37.Rc1  1-0

[Event "JUG-ch"]
[Site "Zagreb"]
[Date "1977.??.??"]
[Round "9"]
[White "Pavicic, Zeljko"]
[Black "Nemet, Ivan"]
[Result "0-1"]
[WhiteElo "2450"]
[BlackElo "2455"]

1.e4 c5 2.c3 Nf6 3.e5 Nd5 4.d4 cxd4 5.cxd4 d6 6.Nf3 Nc6 7.Bc4 Nb6 8.Bb5 dxe5
9.Nxe5 Bd7 10.Nxd7 Qxd7 11.O-O e6 12.Qg4 h5 13.Qe2 h4 14.h3 Be7 15.Nc3 O-O
16.Rd1 Rac8 17.Qg4 f5 18.Qg6 a6 19.Bf1 Bf6 20.Be3 Ne7 21.Qh5 g6 22.Qh6 Rf7
23.d5 Nbxd5 24.Nxd5 Nxd5 25.Qxg6+ Rg7 26.Rxd5 Qe7 27.Qh5 exd5 28.Qxf5 Rd8
29.Bh6 Qe5 30.Qxe5 Bxe5 31.Bxg7 Kxg7 32.Rd1 Bxb2 33.Rb1 Bd4 34.Rxb7+ Kf6
35.Rb1 Rc8 36.Rd1 Ke5 37.Re1+ Kd6 38.Rd1 Ba7 39.Bd3 Rf8 40.Rd2 a5 41.Bc2 Rf4
42.Bb3 Bd4 43.Kf1 a4 44.Bxa4 Bxf2 45.Ke2 Rxa4 46.Kxf2 Ke5 47.Kf3 d4 48.Re2+ Kd5
49.Re8 Kc4 50.Rh8 Ra3+ 51.Kf4 Rxa2 52.Rxh4 Rxg2 53.Rh8 d3 54.h4 Rh2 55.Kg5 Re2
56.Ra8 Re5+ 57.Kg6 d2 58.Ra4+ Kc5 59.Ra5+ Kd6 60.Ra6+ Kc7 61.Ra7+ Kc6 62.Ra6+ Kb7
63.Rd6 Re6+ 64.Rxe6 d1=Q 65.Re7+ Kc6 66.h5 Qd6+ 67.Kf7 Qf4+ 68.Kg6 Kd6 69.Rg7 Ke6
70.Kh7 Qf5+ 71.Kh6 Qf4+ 72.Kg6 Qf3 73.Kh6 Qd3 74.Rg6+ Kf7 75.Kh7 Qe4 76.Kh6 Qe5
77.Rg8 Kxg8  0-1

[Event "Alicante"]
[Site "Alicante"]
[Date "1978.??.??"]
[Round "2"]
[White "Sanz, J."]
[Black "Martin Gonzalez, Angel"]
[Result "1-0"]
[WhiteElo "2330"]
[BlackElo "2390"]

1.e4 c5 2.c3 Nf6 3.e5 Nd5 4.d4 cxd4 5.cxd4 d6 6.Nf3 Nc6 7.Bc4 e6 8.O-O Be7
9.Qe2 O-O 10.Qe4 b6 11.Bd3 g6 12.Bh6 Re8 13.Nc3 Ncb4 14.Bb5 Bd7 15.Bxd7 Qxd7
16.Bg5 dxe5 17.dxe5 Nxc3 18.bxc3 Nd5 19.c4 Nb4 20.Qh4 Rac8 21.Rad1 Qc7 22.Rd4 Nc6
23.Rf4 Bf8 24.Bf6 h6 25.Re1 Na5 26.Nd2 Qd7 27.Rd4 Qa4 28.Ne4 Rxc4 29.Rxc4 Qxc4
30.Bg5 Bg7 31.Bxh6 Ra8 32.Nf6+  1-0

[Event "Amsterdam zt"]
[Site "Amsterdam"]
[Date "1978.??.??"]
[Round "11"]
[White "Feller, Joseph"]
[Black "Meulders, Richard"]
[Result "0-1"]
[WhiteElo "2225"]
[BlackElo "2225"]

1.e4 c5 2.c3 Nf6 3.e5 Nd5 4.d4 cxd4 5.cxd4 d6 6.Nf3 Nc6 7.Nc3 e6 8.Be2 Be7
9.O-O O-O 10.Bd2 Kh8 11.Nxd5 exd5 12.Qb3 dxe5 13.dxe5 d4 14.Rad1 Qb6 15.Bc4 Qxb3
16.Bxb3 Bg4 17.Rfe1 Rad8 18.h3 Be6 19.Bxe6 fxe6 20.Bg5 Rf7 21.Bxe7 Rxe7 22.Re4 Rd5
23.Kf1 h6 24.Rd2 Red7 25.a3 d3 26.Nh4 Kh7 27.f4 g5 28.fxg5 Rxe5 29.Rxe5 Nxe5
30.g6+ Kg7 31.b3 a5 32.Kf2 a4 33.bxa4 Nc4 34.Rd1 Nb2 35.Rd2 Nc4 36.Rd1 e5
37.Kf3 Kf6 38.g4 Rd4 39.g7 e4+ 40.Kg3 Rd8 41.Nf5 Kf7 42.Kf4 d2 43.Nxh6+ Kxg7
44.Nf5+ Kf6 45.Ne3 Nb2 46.Rb1 Nxa4 47.Nd1 Rd3 48.h4 Nc5 49.g5+ Kf7 50.h5 Rf3+
51.Kg4 Rf1  0-1

[Event "Bogota"]
[Site "Bogota"]
[Date "1978.??.??"]
[Round "?"]
[White "Cuartas, Carlos"]
[Black "Sigurjonsson, Gudmundur"]
[Result "1/2-1/2"]
[WhiteElo "2400"]
[BlackElo "2500"]

1.e4 c5 2.c3 Nf6 3.e5 Nd5 4.d4 cxd4 5.cxd4 d6 6.Nf3 Nc6 7.Bc4 dxe5 8.Bxd5 Qxd5
9.Nc3 Qd6 10.d5 Nd4 11.Nxd4 exd4 12.Qxd4 e5 13.Qd3 Bd7 14.O-O Qg6 15.Qe2 Bd6
16.f4 O-O 17.fxe5 Rfe8 18.Bf4 Bxe5 19.Bxe5 f6 20.Qf2 Rxe5 21.Rae1 Rf5  1/2-1/2

[Event "HUN-ch"]
[Site "Budapest"]
[Date "1978.??.??"]
[Round "?"]
[White "Groszpeter, Attila"]
[Black "Barczay, Laszlo"]
[Result "1-0"]
[WhiteElo "2230"]
[BlackElo "2465"]

1.e4 c5 2.c3 Nf6 3.e5 Nd5 4.d4 cxd4 5.cxd4 d6 6.Nf3 Nc6 7.Bc4 dxe5 8.Bxd5 Qxd5
9.Nc3 Qa5 10.d5 Nb4 11.Nxe5 e6 12.O-O Be7 13.d6 Qxe5 14.dxe7 Nc6 15.Re1 Qf6
16.Ne4 Qxe7 17.Bg5 f6 18.Qh5+ Kf8 19.Nxf6 Qf7 20.Qxf7+ Kxf7 21.Ne4 e5 22.Nd6+ Kg6
23.Bh4 Rf8 24.Rac1 Bf5 25.Nxb7 Nb4 26.Be7 Nd3 27.Rc6+ Kf7 28.Bxf8 Nxe1 29.Bb4 Nd3
30.Nd6+ Ke6 31.Nxf5+ Kxf5 32.Bc3 Rd8 33.g3 Rd7 34.Kg2 g5 35.h3 h5 36.Rh6 h4
37.Kf3 e4+ 38.Ke3 Ne5 39.g4+ Nxg4+ 40.hxg4+ Kxg4 41.Kxe4  1-0

[Event "HUN-ch"]
[Site "Budapest"]
[Date "1978.??.??"]
[Round "?"]
[White "Groszpeter, Attila"]
[Black "Szekely, Peter"]
[Result "0-1"]
[WhiteElo "2230"]
[BlackElo "2200"]

1.e4 c5 2.c3 Nf6 3.e5 Nd5 4.d4 cxd4 5.cxd4 d6 6.Nf3 Nc6 7.Bc4 dxe5 8.Bxd5 Qxd5
9.Nc3 Qd6 10.d5 Nd4 11.Nxd4 exd4 12.Qxd4 e5 13.Qd3 Bd7 14.O-O f5 15.Re1 Kf7
16.Bd2 e4 17.Qg3 Qxg3 18.hxg3 Rc8 19.Rac1 Be7 20.g4 g6 21.g5 Rc4 22.g3 h6
23.gxh6 g5 24.b3 Rd4 25.Be3 Rd3 26.Red1 Rxd1+ 27.Nxd1 Bd8 28.Bxa7 Rxh6 29.Bb8 f4
30.gxf4 Bg4 31.Ne3 Bf3 32.Ng2 gxf4 33.Bxf4 Rg6 34.Bg3 Bb6 35.Kf1 e3 36.Nxe3 Rh6  0-1

[Event "Tungsram"]
[Site "Budapest"]
[Date "1978.??.??"]
[Round "?"]
[White "Groszpeter, Attila"]
[Black "Malich, Burkhard"]
[Result "1/2-1/2"]
[WhiteElo "2230"]
[BlackElo "2535"]

1.e4 c5 2.c3 Nf6 3.e5 Nd5 4.d4 cxd4 5.cxd4 e6 6.Nf3 d6 7.a3 Be7 8.Bd3 Bd7
9.O-O Bc6 10.Qe2 Nd7 11.Bd2 O-O 12.Nc3 dxe5 13.dxe5 Nc5 14.Bc2 Nxc3 15.Bxc3 Na4
16.Bxa4 Bxa4 17.Nd4 Rc8 18.Qg4 Qd7 19.Rfe1 Rfd8 20.Re4 Bc6 21.Nxc6 Qxc6 22.Re3 Qc4
23.Qf3 Qd5 24.Qe2 Rc4 25.Re1 g6 26.h3 Rc7 27.Qg4 Rc4 28.Re4 h5 29.Qe2 Rxe4
30.Qxe4 Qxe4 31.Rxe4 Rd1+ 32.Re1 Rd5 33.Kf1 Bc5 34.Re4 Kg7 35.Ke2 g5 36.g4 Kg6
37.f4 hxg4 38.hxg4 Bf8 39.fxg5 Bg7 40.Rb4 b5 41.a4 a6 42.axb5 axb5 43.Re4 Kxg5
44.Bd2+ Kg6 45.Bc3 Bh6 46.Kf3 Bc1  1/2-1/2

[Event "Tungsram"]
[Site "Budapest"]
[Date "1978.??.??"]
[Round "?"]
[White "Regan, Kenneth"]
[Black "Malich, Burkhard"]
[Result "0-1"]
[WhiteElo "2430"]
[BlackElo "2535"]

1.e4 c5 2.c3 Nf6 3.e5 Nd5 4.d4 cxd4 5.cxd4 d6 6.Nf3 e6 7.Bd3 dxe5 8.Nxe5 Bb4+
9.Bd2 Nd7 10.O-O O-O 11.Qc2 N7f6 12.Nc3 Be7 13.a3 Nb6 14.Rfe1 Qxd4 15.Rad1 Qc5
16.b4 Qc7 17.Bf4 Bd6 18.Re3 Nbd5 19.Nxd5 exd5 20.Qe2 d4 21.Rg3 Re8 22.Re1 g6
23.Bc4 Be6 24.Bb5 Bd7 25.Bc4 Re7 26.Qc2 Kg7 27.Rg5 b5 28.Bd3 Qxc2 29.Bxc2 Rae8  0-1

[Event "Buenos Aires ol (Men)"]
[Site "Buenos Aires"]
[Date "1978.??.??"]
[Round "?"]
[White "Pomar Salamanca, Arturo"]
[Black "Fernandez, A."]
[Result "1-0"]
[WhiteElo "2420"]
[BlackElo "2310"]

1.e4 c5 2.c3 Nf6 3.e5 Nd5 4.d4 cxd4 5.cxd4 d6 6.Nf3 Nc6 7.Nc3 dxe5 8.dxe5 Nxc3
9.Qxd8+ Nxd8 10.bxc3 Bd7 11.Be3 e6 12.Nd4 Rc8 13.Kd2 Bc5 14.Be2 Nc6 15.Rhb1 Bxd4
16.cxd4 Na5 17.d5 b6 18.d6 Bc6 19.g4 f6 20.f4 O-O 21.Rc1 Bd5 22.Ba6 Rc6 23.Bb5 fxe5
24.fxe5 Nc4+ 25.Rxc4 Rxc4 26.Bxc4 Bxc4 27.Rc1 Bb5 28.a4 Bxa4 29.Ra1 b5 30.Bxa7 Rf7
31.Bb6 Rd7 32.Kc3 Kf7 33.Kb4 Bc2 34.Bc7 Bd3 35.Kc5 Be4 36.Kxb5 Kg6 37.Kb6 h5
38.Ra7 Kf7 39.gxh5 Ke8 40.Ra4 Bd5 41.Rh4 Kf7 42.h6  1-0

[Event "Buenos Aires ol (Women)"]
[Site "Buenos Aires"]
[Date "1978.??.??"]
[Round "?"]
[White "Pihajlic, Amalija"]
[Black "Alexandria, Nana"]
[Result "0-1"]
[WhiteElo "2190"]
[BlackElo "2345"]

1.e4 c5 2.c3 Nf6 3.e5 Nd5 4.d4 cxd4 5.cxd4 d6 6.Nf3 e6 7.Bc4 Nb6 8.Bb3 dxe5
9.dxe5 Qxd1+ 10.Bxd1 Nc6 11.O-O Bd7 12.Nc3 Nc4 13.Re1 Rc8 14.Re4 Nb4 15.Be2 b5
16.Nd4 a6 17.a3 Nd5 18.Nd1 Bc5 19.Nf3 O-O 20.Rg4 Kh8 21.Bd3 Ba7 22.Rh4 h6
23.g4 Bb8 24.Rh5 Be8 25.Kg2 f5 26.exf6 Bxh5 27.fxg7+ Kxg7 28.gxh5 Nf4+ 29.Bxf4 Rxf4
30.h3 Rcf8 31.Be2 Ne5 32.Nh2 Ba7 33.f3 R8f5 34.Rc1 Rxh5 35.Kg3 Ng6 36.Rc7+ Rf7
37.Rc8 Nf4 38.Bf1 Rg5+ 39.Ng4 h5 40.Kh4 Ng6+ 41.Kxg5 Rf5+  0-1

[Event "Buenos Aires ol (Men)"]
[Site "Buenos Aires"]
[Date "1978.??.??"]
[Round "?"]
[White "Seidler, O."]
[Black "Stuart, Peter"]
[Result "1-0"]
[WhiteElo "2395"]
[BlackElo "2200"]

1.e4 c5 2.c3 Nf6 3.e5 Nd5 4.d4 cxd4 5.cxd4 e6 6.Nc3 Nxc3 7.bxc3 d6 8.exd6 Bxd6
9.Nf3 Nc6 10.Bd3 Be7 11.O-O O-O 12.Qe2 Qc7 13.Re1 Bd7 14.Bd2 Rac8 15.Rab1 Rfe8
16.Rb5 g6 17.h4 a6 18.Rbb1 Bf8 19.Ng5 Nd8 20.h5 Bc6 21.Nxh7 Kxh7 22.hxg6+ fxg6
23.Qh5+ Kg8 24.Bxg6 Qg7 25.Bg5 Re7 26.Re3 Qh8 27.Qg4 Qg7 28.Bxe7 Qxe7 29.Bf5+ Bg7
30.Rxe6 Qf8 31.Rh6 Rc7 32.Bh7+ Kh8 33.Rh3 Bh6 34.Rxh6 Rxh7 35.Rxh7+ Kxh7
36.d5 Bb5 37.a4  1-0

[Event "Buenos Aires ol (Men)"]
[Site "Buenos Aires"]
[Date "1978.??.??"]
[Round "?"]
[White "Preissmann, Emmanuel"]
[Black "Ghitescu, Theodor"]
[Result "1/2-1/2"]
[WhiteElo "2320"]
[BlackElo "2450"]

1.e4 c5 2.c3 Nf6 3.e5 Nd5 4.d4 cxd4 5.Nf3 Nc6 6.cxd4 d6 7.Bc4 e6 8.O-O Be7
9.Qe2 O-O 10.Nc3 Nxc3 11.bxc3 dxe5 12.dxe5 b6 13.Qe4 Qc7 14.Bg5 Bb7 15.Bd3 g6
16.Qh4 Bxg5 17.Nxg5 h5 18.Rfe1 Rad8 19.Be4 Qe7 20.g4 Kg7 21.gxh5 Rh8 22.Bxc6 Bxc6
23.Re3 Rd7 24.Rg3 Rxh5 25.Nxe6+ Kh8 26.Qxe7 Rxe7 27.Nd4 Bd5 28.f4 Rh4 29.f5 Rxe5
30.fxg6 fxg6 31.Rxg6 Rhe4 32.Kf2 Rf4+ 33.Kg3 Rf7 34.Rh6+ Kg8 35.h4 Re3+ 36.Kg4 Rxc3
37.Nf5 Bf3+ 38.Kg5 Rc5 39.Rg6+ Kf8 40.Rf6 Re5 41.Rf1  1/2-1/2

[Event "Buenos Aires ol (Women)"]
[Site "Buenos Aires"]
[Date "1978.??.??"]
[Round "?"]
[White "McGhee, M."]
[Black "Teasley, Dolly O"]
[Result "0-1"]
[WhiteElo "2200"]
[BlackElo "2090"]

1.e4 c5 2.c3 Nf6 3.e5 Nd5 4.d4 cxd4 5.cxd4 Nc6 6.Bc4 Nb6 7.Bb3 d6 8.Qf3 e6
9.Qe4 dxe5 10.dxe5 Nb4 11.Bc2 Bd7 12.Qe2 Qc7 13.Nc3 Nxc2+ 14.Qxc2 Qxe5+ 15.Nge2 Be7
16.O-O Rc8 17.Qd3 O-O 18.Bf4 Qf6 19.Be3 Rfd8 20.Bxb6 axb6 21.Ng3 Bc6 22.Qe2 Bb4
23.Nce4 Qg6 24.Rad1 Bd5 25.b3 f5 26.Nd2 f4  0-1

[Event "URS-ch sf"]
[Site "Daugavpils"]
[Date "1978.??.??"]
[Round "?"]
[White "Vorotnikov, Vladislav V"]
[Black "Zilberstein, Valery I"]
[Result "1/2-1/2"]
[WhiteElo "2410"]
[BlackElo "2200"]

1.e4 c5 2.c3 Nf6 3.e5 Nd5 4.d4 cxd4 5.Qxd4 e6 6.Nf3 Nc6 7.Qe4 f5 8.Qe2 Qc7
9.g3 d6 10.exd6 Bxd6 11.Bg2 O-O 12.O-O Nf6 13.Nbd2 e5 14.Nc4 e4 15.Nfd2 Be6
16.Nxd6 Qxd6 17.Nb3 Qe7 18.Be3 Qf7 19.Nd2 Ng4 20.f3 exf3 21.Bxf3 Nxe3 22.Qxe3 Rad8
23.Nb3 Rfe8 24.Qf4 Bc4 25.Rfe1 Bxb3 26.axb3 Qxb3 27.Rxe8+ Rxe8 28.Qxf5 Ne5
29.Rf1 Nxf3+ 30.Qxf3 h6 31.Rf2  1/2-1/2

[Event "DDR-ch 27th"]
[Site "Eggesin/Torgelow"]
[Date "1978.??.??"]
[Round "12"]
[White "Moehring, Guenther"]
[Black "Hesse, Peter"]
[Result "1/2-1/2"]
[WhiteElo "2405"]
[BlackElo "2415"]

1.e4 c5 2.c3 Nf6 3.e5 Nd5 4.d4 cxd4 5.Nf3 Nc6 6.cxd4 d6 7.Bc4 e6 8.O-O Be7
9.Qe2 O-O 10.Nc3 Nxc3 11.bxc3 dxe5 12.dxe5 b6 13.Bd3 Bb7 14.Qe4 g6 15.Bh6 Na5
16.Qe2 Re8 17.Rfe1 Bf8 18.Bxf8 Rxf8 19.Be4 Bxe4 20.Qxe4 Rc8 21.Qe3 Kg7 22.Rad1 Qe7
23.Rd4 Rc4 24.Nd2 Rc5 25.f4 Rfc8 26.Ne4 Rc4 27.Rxc4 Nxc4 28.Qd4 Na5 29.Nd6 Rc5
30.c4 Nc6 31.Qb2 Qh4 32.g3 Qe7 33.h4 Na5 34.Qd4 Nc6 35.Qc3 Qd7 36.Rd1 Qe7
37.Qf3 h5 38.Rd2 Kh7 39.Kg2 Kg7 40.Kh3 Kh7 41.a3 Kg7  1/2-1/2

[Event "Wch U20"]
[Site "Graz"]
[Date "1978.??.??"]
[Round "12"]
[White "Taruffi, Daniele"]
[Black "Rohland, Michael K"]
[Result "0-1"]
[WhiteElo "2200"]
[BlackElo "2200"]

1.e4 c5 2.c3 Nf6 3.e5 Nd5 4.d4 cxd4 5.cxd4 e6 6.Nf3 Be7 7.Nc3 Nxc3 8.bxc3 d5
9.Bd3 O-O 10.h4 f5 11.exf6 gxf6 12.Bxh7+ Kxh7 13.Ne5 Qe8 14.Qd2 Rh8 15.Rh3 Bf8
16.Rg3 fxe5 17.dxe5 Bg7 18.h5 Rg8 19.Rg6 Qf8 20.Qg5 Nc6 21.Bf4 Nd8 22.Ke2 Nf7
23.Qh4 Nxe5 24.Rh1 Qf5 25.Rh3 Bd7 26.Qe7 Bb5+ 27.Ke1 Qb1+ 28.Kd2 Qb2+ 29.Kd1 Qe2+
30.Kc1 Qe1+ 31.Kb2 Nc4+ 32.Kc2 Ba4+  0-1

[Event "Jurmala"]
[Site "Jurmala"]
[Date "1978.??.??"]
[Round "2"]
[White "Nogueiras, Jesus"]
[Black "Lanka, Zigurds"]
[Result "1/2-1/2"]
[WhiteElo "2385"]
[BlackElo "2440"]

1.e4 c5 2.c3 Nf6 3.e5 Nd5 4.d4 cxd4 5.cxd4 d6 6.Nf3 Nc6 7.exd6 Qxd6 8.Nc3 Bf5
9.Bb5 e6 10.Ne5 Be7 11.O-O O-O 12.Bxc6 bxc6 13.Na4 Nb4 14.b3 c5 15.Nxc5 Nc2
16.Be3 Nxa1 17.Qxa1 Qd5 18.Rc1 Rac8 19.h3 Rfd8 20.b4 Bd6 21.Qb2 f6 22.Nc4 Bb8
23.f4 Bg6 24.a4 Re8 25.Qf2 Bf7 26.Qd2 Rcd8 27.Qf2 Re7 28.b5 Rc8 29.Na5 Be8
30.Qc2 Bd6 31.Qc4 Qh5 32.Qb3 Kh8 33.Nc4 Qd5 34.Nxd6 Qxd6 35.Rf1 Bf7 36.Qb4 Rec7
37.a5 Rb8 38.Rb1 Qd5 39.b6 axb6 40.axb6 Rc6 41.b7 Rd6 42.Ra1 Rdd8 43.Qb6 e5
44.dxe5 fxe5 45.f5 Be8 46.Ra6 Bf7 47.f6 g5 48.Qc7 g4 49.hxg4 Qd1+ 50.Kh2 Qxg4
51.Qxd8+ Rxd8 52.Ra8 Qh4+  1/2-1/2

[Event "Jurmala"]
[Site "Jurmala"]
[Date "1978.??.??"]
[Round "8"]
[White "Nogueiras, Jesus"]
[Black "Ermenkov, Evgenij"]
[Result "1/2-1/2"]
[WhiteElo "2385"]
[BlackElo "2520"]

1.e4 c5 2.c3 Nf6 3.e5 Nd5 4.d4 cxd4 5.cxd4 d6 6.Nf3 Nc6 7.exd6 Qxd6 8.Nc3 Bf5
9.Be3 e6 10.Bc4 Nxc3 11.bxc3 Be7 12.O-O O-O 13.Be2 Rac8 14.c4 Rfd8 15.Qb3 Be4
16.Rac1 Qb4 17.Rfd1 Na5 18.Qxb4 Bxb4 19.Nd2 Bg6 20.Nb3 Nc6 21.d5 exd5  1/2-1/2

[Event "Lone Pine op"]
[Site "Lone Pine"]
[Date "1978.??.??"]
[Round "4"]
[White "Whitehead, Jay E"]
[Black "Youngworth, Perry"]
[Result "1/2-1/2"]
[WhiteElo "2245"]
[BlackElo "2250"]

1.e4 c5 2.c3 Nf6 3.e5 Nd5 4.d4 d6 5.exd6 Qxd6 6.dxc5 Qxc5 7.Nf3 e6 8.c4 Nf6
9.Nc3 Nbd7 10.Be3 Qc7 11.Nb5 Qb8 12.Be2 a6 13.Nbd4 Bb4+ 14.Nd2 Bd6 15.h3 O-O
16.O-O Bh2+ 17.Kh1 Bf4 18.Qb3 Nc5 19.Qa3 Bxe3 20.Qxe3 e5 21.N4f3 Nfd7 22.b4 Ne6
23.c5 Nf4 24.Bc4 b5 25.cxb6 Bb7 26.Rad1 Qd6 27.Ne4 Qg6 28.Nh4 Nxg2 29.Nxg6 Nxe3
30.Ne7+ Kh8 31.fxe3 Bxe4+ 32.Kh2 Nxb6 33.Bxf7 g6 34.Bb3 Kg7 35.Rxf8 Rxf8
36.Rd6 Rf6 37.Rd8 Rf8 38.Rd6 Rf6 39.Rd8  1/2-1/2

[Event "Lone Pine op"]
[Site "Lone Pine"]
[Date "1978.??.??"]
[Round "8"]
[White "Whitehead, Jay E"]
[Black "Garcia Palermo, Carlos"]
[Result "0-1"]
[WhiteElo "2245"]
[BlackElo "2385"]

1.e4 c5 2.c3 Nf6 3.e5 Nd5 4.d4 cxd4 5.cxd4 d6 6.Nf3 Nc6 7.Bc4 Nb6 8.Bb5 d5
9.O-O Bg4 10.h3 Bxf3 11.Qxf3 e6 12.Be3 Be7 13.Qg4 Kf8 14.Nd2 Rc8 15.f4 h5
16.Qf3 g6 17.g4 hxg4 18.hxg4 Bb4 19.Rf2 Bxd2 20.Rxd2 Qh4 21.Rc1 Ke7 22.Rdc2 Kd7
23.Qg2 Rh7 24.b3 a6 25.Be2 Rch8 26.Bf3 Qe7 27.Rc5 Rh3 28.R1c2 Kc7 29.g5 Nd7
30.R5c3 Qb4 31.Bg4 R3h7 32.Bf3 Kb8 33.Qd2 Qb6 34.a3 Ka8 35.b4 Qb5 36.Qg2 Nb6
37.Be2 Qa4 38.Rc1 Nc4 39.Bxc4 dxc4 40.Rxc4 Qxa3 41.R1c3 Qa4 42.Rc2 Qb5 43.Rc5 Qd3
44.Bd2 Qxd4+  0-1

[Event "CSR-ch"]
[Site "Marianske Lazne"]
[Date "1978.??.??"]
[Round "15"]
[White "Sikora Lerch, Jan"]
[Black "Gross, Stefan"]
[Result "1-0"]
[WhiteElo "2415"]
[BlackElo "2355"]

1.e4 c5 2.c3 Nf6 3.e5 Nd5 4.d4 cxd4 5.cxd4 d6 6.Nf3 Nc6 7.Bc4 Nb6 8.Bb5 Bd7
9.Nc3 e6 10.O-O d5 11.b3 Be7 12.Bb2 Rc8 13.Re1 Nb8 14.Bf1 Bc6 15.Re3 N6d7
16.Rc1 a6 17.Ne2 Nf8 18.Ne1 Ng6 19.f4 Bb5 20.Rxc8 Qxc8 21.Rc3 Nc6 22.Nd3 O-O
23.g3 Qb8 24.Nc5 Qa7 25.a4 Bxe2 26.Bxe2 Rc8 27.Kg2 Bd8 28.Bg4 Nce7 29.Qd3 Ba5
30.Rc1 Bb4 31.f5 exf5 32.Bxf5 Rf8 33.Nd7 Rd8 34.e6 f6 35.h4 b5 36.h5 Nf8
37.Nxf8 Kxf8 38.Bxh7 bxa4 39.bxa4 Qb6 40.Bf5 Bd6 41.Rc2 Rc8 42.Rf2 Ke8 43.Bg4 Kd8
44.Bd1 Kc7 45.Ba3 Bxa3 46.Qxa3 Nc6 47.Rc2 Qxd4 48.Bf3 Re8 49.Qa2 Rxe6 50.Bxd5 Rd6
51.Bf3 Kb6 52.Qf7 Qxa4 53.Rb2+ Kc5 54.Qxg7 Qa5 55.Rc2+ Kb6 56.Rb2+ Kc5 57.Rc2+ Kb6
58.Qh6 Qe5 59.Qf8 Nb4 60.Qb8+ Ka5 61.Re2 Qc5 62.h6 Rd7 63.Qg8 Qc7 64.Rb2 Qe5
65.Qb3 Qd4 66.Qa3+ Kb5 67.Be2+ Kc5 68.Qa5+ Kc6 69.Qxb4 Qe3 70.Bf3+  1-0

[Event "CSR-ch"]
[Site "Marianske Lazne"]
[Date "1978.??.??"]
[Round "17"]
[White "Sikora Lerch, Jan"]
[Black "Banas, Jan"]
[Result "1/2-1/2"]
[WhiteElo "2415"]
[BlackElo "2385"]

1.e4 c5 2.c3 Nf6 3.e5 Nd5 4.d4 cxd4 5.cxd4 d6 6.Nf3 Nc6 7.Bc4 dxe5 8.Bxd5 Qxd5
9.Nc3 Qd6 10.d5 Nd4 11.Nxd4 exd4 12.Qxd4 e5 13.Qd3 Bd7 14.O-O Be7 15.f4  1/2-1/2